000 01394nam a22002777a 4500
001 EPSA 0277
003 gtcocun
005 20250918185103.0
006 a||||gr|||| 00| 0
007 ta
008 250918b2024 gt ||||| m||| 00| 0 eng d
040 _agtcocun
_bSPA
_cgtcocun
_eRDA
041 _aSPA EPSA 0277
084 _0EPSA 0277
100 _aPacay Macz, Héctor Adolfo
_eAutor
245 _aINFORME FINAL DEL EJERCICIO PROFESIONAL SUPERVISADO, REALIZADO EN PANIFICADORA DOÑA LUCÍA S.A. TACTIC, ALTA VERAPAZ/
_cHéctor Adolfo Pacay Macz.
_hImpreso
264 _aCobán, Alta Verapaz:
_bUniversidad de San Carlos de Guatemala, Centro Universitario del Norte, Licenciatura en Administración de Empresas
_c2024
300 _a81 p.:
_bIlustraciones, gráficas.
_c28 cm;
502 _eEPSA 0277
502 _aEjercicio Profesional Supervisado
_bLicenciatura en Administración de Empresas,
_cUniversidad de San Carlos de Guatemala, Centro Universitario del Norte, Licenciatura en Administración de Empresas
_d2024
_oEPSA 277
650 _2LEMB
_aCobán, Alta Verapaz
_xAdministración
_xPlanificación
_xObjetivos
_xHerramienta
_xDocumentación
_xColaboradores
_xClientes
700 _aLcda. Elisa Mariela Alvarado Delgado
_eAsesor
856 _uSin archivo en línea.
_zSin archivo en línea.
942 _2ddc
_cTES
_iEPSA 0277
_kClasificación
_n0
_6EPSA_0277_000000000000000
999 _c1960
_d1960